| 000 | 01046nam a2200253Ia 4500 | ||
|---|---|---|---|
| 003 | OSt | ||
| 005 | 20220918110911.0 | ||
| 006 | a|||||r|||| 00| 0 | ||
| 007 | ta | ||
| 008 | 220915b |||||||| |||| 00| 0 hin d | ||
| 024 | _a198101 | ||
| 037 | _cReference Collections | ||
| 040 |
_aARTS _cARTS _bhin |
||
| 041 |
_2hin _ahin |
||
| 082 | _aO152,2N05x, N2.1-.4(RR) | ||
| 100 |
_aवर्मा, रामकुमार _91722 |
||
| 245 | 0 | _aरामकुमार वर्मा नाटक रचनावली | |
| 246 | _aRāmakumār varmā nāṭak rachanāvalī | ||
| 260 |
_aनई दिल्ली _bकिताबघर _c1992 |
||
| 650 | _aहिन्दी साहित्य | ||
| 700 |
_a शर्मा, चन्द्रिकाप्रसाद, संपा. _910131 |
||
| 942 |
_hO152,2N05x, N2.1-.4(RR) _cREF |
||
| 999 |
_c115619 _d115619 |
||